000
00355 a2200169 4500
001
189815
020
_a
978-85-7442-111-7
040
_c
Magnum
100
_a
Sant´anna, Eliana
240
1
0
_a
Pingo d´água
_l
por
245
1
0
_a
Pingo d´água
300
_a
21
362
0
_a
2010
440
1
_a
Miguilim
697
_a
LITERATURA INFANTIL
942
_c
BK
999
_c
189815
_d
189815